000 01470cam a2200373 a 4500
001 EDZ0000072131
003 StDuBDS
005 20161031105149.0
006 m||||||||d||||||||
007 cr |||||||||||
008 120412s2006 enk fo| 001|0|eng d
020 _a9781446213322 (ebook) :
_cNo price
040 _aStDuBDS
_beng
_cStDuBDS
_epn
049 _aAlfaisal Main Library
050 0 _aRC489.S74
_bP39 2006
082 0 4 _a616.8914
_223
100 1 _aPayne, Martin.
245 1 0 _aNarrative therapy
_h[electronic resource] :
_ban introduction for counsellors /
_cMartin Payne.
250 _a2nd ed.
260 _aLondon :
_bSAGE,
_cc2006.
300 _a1 online resource ([x], 208 p.)
500 _aPrevious ed.: 2000.
504 _aIncludes bibliographical references and index.
520 8 _a'Narrative Therapy' offers a clear, concise overview of the narrative approach without oversimplifying its theoretical underpinnings and practice. The second edition introduces developments initiated by Michael White and David Epston, and other therapists worldwide.
521 _aSpecialized.
588 _aDescription based on print version record.
650 0 _aNarrative therapy.
650 0 _aCounseling.
655 7 _aElectronic books.
_2local
710 2 _aSage eBooks
776 0 8 _iPrint version :
_z9781412920131
856 4 0 _uhttp://ezproxy.alfaisal.edu/login?url=http://sk.sagepub.com/books/narrative-therapy-2e
942 _2lcc
_cEBOOKS
999 _c480720
_d480720